|
|
|
|
| LEADER |
00698nam#a2200229#a#4500 |
| 001 |
002561 |
| 005 |
20160721142453.0 |
| 008 |
030407q1973####sp##################spa#d |
| 020 |
|
|
|a 8425602041
|
| 040 |
|
|
|a AR-beUNQ
|
| 099 |
|
|
|a 20-C16
|
| 100 |
1 |
|
|a Chacon, Enrique
|
| 245 |
0 |
2 |
|a Teoría de los grafos :
|b investigación operativa
|c Enrique Chacon.
|
| 260 |
|
|
|a Madrid :
|b Iberico Europea,
|c [1973?]
|
| 300 |
|
|
|a 326 p. :
|b tablas, gráficos
|
| 490 |
0 |
|
|a La empresa moderna
|
| 650 |
|
7 |
|a TEORIA DE GRAFOS
|2 Spines
|
| 650 |
|
7 |
|a ALGEBRA
|2 Spines
|
| 650 |
|
7 |
|a INVESTIGACION OPERATIVA
|2 Spines
|
| 929 |
|
|
|a COMPRA
|b Felipe Orlando
|d 20,00E
|e 20030224
|f patrimonio
|j 16426
|
| 942 |
|
|
|c LIB
|n 0
|
| 999 |
|
|
|c 5358
|d 80745
|